Rediseño de los procesos de entradas y salidas en red de repuestos de la bodega Central de partes (CPD) de Casa Pellas
Presenta el rediseño de todos los procesos de entradas y salidas de repuestos de la bodega Central de partes (CPD) de la empresa Casa Pellas, S. A. con el fin de reducir a un mínimo las probabilidades de ocurrencia del fenómeno conocido como faltantes de almacén, este consiste en diferencias ent...
| Main Authors: | , |
|---|---|
| Other Authors: | |
| Format: | Tesis Section = Libro |
| Language: | Undetermined Spanish |
| Published: |
Managua
UNI
2008
|
| Subjects: |
| LEADER | 01417nam a2200277Ia 4500 | ||
|---|---|---|---|
| 008 | 240830s9999 xx 000 0 und d | ||
| 040 | |a BIBLIOTECA-RUPAP Mon 658.787 G144 | ||
| 041 | |a spa | ||
| 082 | |a Mon 658.787 G144 | ||
| 100 | 1 | |a Gaitán Gutiérrez, Gerardo | |
| 100 | 1 | |b Catillo Vega, Álvaro | |
| 245 | 1 | 0 | |a Rediseño de los procesos de entradas y salidas en red de repuestos de la bodega Central de partes (CPD) de Casa Pellas |
| 260 | |a Managua |b UNI |c 2008 | ||
| 300 | |a 95 p. :il. | ||
| 500 | |a Contiene: anexos, glosario y CD. | ||
| 502 | |a Tesis (Ingeniero Industrial)- UNI, 2008. | ||
| 520 | 3 | |a Presenta el rediseño de todos los procesos de entradas y salidas de repuestos de la bodega Central de partes (CPD) de la empresa Casa Pellas, S. A. con el fin de reducir a un mínimo las probabilidades de ocurrencia del fenómeno conocido como faltantes de almacén, este consiste en diferencias entre las cantidades en inventario que indica el sistema informático de administración de repuestos y las cantidades físicas que realmente existen. | |
| 650 | 7 | |a CONTROL DE INVENTARIO - BODEGA CENTRAL DE PARTES - CASA PELLAS | |
| 650 | 7 | |b PROCESOS DE DISTRIBUCIÓN - ENTRADAS | |
| 650 | 7 | |c SALIDAS - REPUESTOS | |
| 650 | 7 | |d POLITICA DE PEDIDO | |
| 650 | 7 | |e CONTROL INTERNO DE MATERIALES | |
| 700 | 1 | |a Tutor: |b López Guadamuz, Juan José | |
| 942 | |c BK |2 ddc | ||
| 991 | |a TESIS | ||
| 999 | |c 17602 | ||